000 00592cab a2200229 4500
001 X174
008 090401t1992 xxu||||| |||| 00| 0 eng d
035 _a(Sirsi) u64246
041 _aeng
245 _aLonrho Textiles Ltd (Trading as Brentfords) v Trippier (VO)
260 _c1992
350 _a0
490 _aRating Appeals
_v1992 RA 157-167
520 _aLT 6 February 1986.
650 _aANNUAL VALUE
650 _aBASEMENT VALUES
650 _aGENERAL RATE ACT 1967 S20
650 _aPHYSICAL CHANGE
690 _aRATING AND VALUATION
942 _n0
948 _c04/03/1997
999 _c40001
_d40001